000 00309nam a2200121Ia 4500
008 241028s9999 xx 000 0 und d
041 _aeng
082 _a658.83 SHE
100 _aSheth
245 _aThe HowardSheth Theory Of Buyer Behavior
260 _bWiley India
_aNew Delhi
_c2020
300 _a464;.P. 23 cm
999 _c43038
_d43038